000 00314nam a22001337a 4500
008 160507b xxu||||| |||| 00| 0 eng d
020 _a9780073319940
020 _a9780072995244
020 _a9780073319945
041 _aeng
080 _a573
245 _aMolecular biology:
_cRobert F. Weaver;
942 _2udc
_cBK
999 _c1887
_d1887